Actualidad económica

Guardat en:
Dades bibliogràfiques
Format: Text
Publicat: San José: Trejos Hermanos Sucesores
Etiquetes: Afegir etiqueta
Sense etiquetes, Sigues el primer a etiquetar aquest registre!

MARC

LEADER 00000 a a2200000 04500
001 33727
003
040
090 |a 0001 A188a  
245 |a Actualidad económica  
260 |a San José:   |b Trejos Hermanos Sucesores  
300 |b il.  
500 |a Revista catalogada como documento monográfico. -- vol. 7 (290)  
999 |c 12108  |d 12108